00490nam a2200145 a 450000500170000000800410001705000190005824500200007726000590009730000110015644000210016765000190018899900190020795201180022620140513081048.0020906s19uu xx 00 eng d aP 513.213 2001 aMultiplication. aQuezon City, Philippines :bMabuhay Boardgames,c2001. aPoster aTeacher's Choice aMultiplication c116242d116242 001040aELbELcKITd2002-09-06eLib. Fundg16.00l0oP 513.213 2001pE205r2014-05-13 00:00:00w2014-05-13yKIT